Polyolefin TPV for automotive interior applications (Record no. 65292)

MARC details
000 -LEADER
fixed length control field 00586nam a2200205Ia 4500
100 ## - MAIN ENTRY--AUTHOR NAME
Personal name Reid Ch G
245 #0 - TITLE STATEMENT
Title Polyolefin TPV for automotive interior applications
260 ## - PUBLICATION, DISTRIBUTION, ETC. (IMPRINT)
Name of publisher Kautschuk Gummi Kunststoffe
Year of publication 2004
300 ## - PHYSICAL DESCRIPTION
Number of Pages 227-234
650 ## - SUBJECT ADDED ENTRY--TOPICAL TERM
Topical Term Automotive interior applications
650 ## - SUBJECT ADDED ENTRY--TOPICAL TERM
Topical Term Polyolefins
650 ## - SUBJECT ADDED ENTRY--TOPICAL TERM
Topical Term Temperature scanning stress relaxation
650 ## - SUBJECT ADDED ENTRY--TOPICAL TERM
Topical Term Thermoplastic elastomers
650 ## - SUBJECT ADDED ENTRY--TOPICAL TERM
Topical Term Thermoplastic vulcanisates
700 ## - ADDED ENTRY--PERSONAL NAME
Personal name Cai K G
700 ## - ADDED ENTRY--PERSONAL NAME
Personal name Tran H
700 ## - ADDED ENTRY--PERSONAL NAME
Personal name Vennemann N
942 ## - ADDED ENTRY ELEMENTS (KOHA)
Koha item type Journals
Holdings
Withdrawn status Lost status Damaged status Not for loan Home library Current library Shelving location Date acquired Serial Enumeration / chronology Koha item type
      Journals RRII Library RRII Library Rubber chemistry 17/12/2021 Volume 57, Issue 5 Journals